<?xml version="1.0" encoding="UTF-8"?>
<record
    xmlns:xsi="http://www.w3.org/2001/XMLSchema-instance"
    xsi:schemaLocation="http://www.loc.gov/MARC21/slim http://www.loc.gov/standards/marcxml/schema/MARC21slim.xsd"
    xmlns="http://www.loc.gov/MARC21/slim">

  <leader>03881    a2200217   4500</leader>
  <datafield tag="999" ind1=" " ind2=" ">
    <subfield code="c">7458</subfield>
    <subfield code="d">7458</subfield>
  </datafield>
  <controlfield tag="003">GBCCL</controlfield>
  <controlfield tag="005">20241126110628.0</controlfield>
  <controlfield tag="008">180813b           ||||| |||| 00| 0 eng d</controlfield>
  <datafield tag="020" ind1=" " ind2=" ">
    <subfield code="a">9788184656220 </subfield>
  </datafield>
  <datafield tag="020" ind1=" " ind2=" ">
    <subfield code="a">818465622X</subfield>
  </datafield>
  <datafield tag="040" ind1=" " ind2=" ">
    <subfield code="c">gbc</subfield>
  </datafield>
  <datafield tag="082" ind1=" " ind2=" ">
    <subfield code="a">241.664</subfield>
    <subfield code="b">THE</subfield>
  </datafield>
  <datafield tag="245" ind1=" " ind2=" ">
    <subfield code="a">A theological reader on human sexuality and gender diversities : </subfield>
    <subfield code="b">envisioning inclusivity/</subfield>
    <subfield code="c">editors, Roger Gaikwad and Thomas Ninan.</subfield>
  </datafield>
  <datafield tag="260" ind1=" " ind2=" ">
    <subfield code="a">Delhi : </subfield>
    <subfield code="a"> Nagpur, Maharashtra, India :</subfield>
    <subfield code="b">ISPCK ;</subfield>
    <subfield code="b">National Council of Churches in India (NCCI), 2017. </subfield>
    <subfield code="c">&#xA9;2017</subfield>
  </datafield>
  <datafield tag="300" ind1=" " ind2=" ">
    <subfield code="a">xxxi, 389 pages ; </subfield>
    <subfield code="c">24 cm</subfield>
  </datafield>
  <datafield tag="505" ind1=" " ind2=" ">
    <subfield code="a">Definitions : understanding gender, sex and sexuality / Gopi Shankar --
Unit -1 Theological perspectives : a critical evaluation of early teachings on human sexuality. --
Philosophy and theology of mind-body dualism / Mothy Varkey --
Doctrine of Adamic sin : a theological crux interpretum? / Jogy C. George --
Patriarchy vis-a-vis human sexuality : depatriarchalising in the theology of "Created in the Image of God" / Bendanglemla Longkumer --
Monasticism and sexuality / S. D. Deva Jothi Kumar --
Historiography of John Chrysostom's concept on homosexuality : mapping the partnership trajectories / Bandangtemjen --
A biblical and a theological critique of select ecclesial leaders / RejiMathew --
Critiquing Augustine and Thomas Aquinas on sexuality / J.M. John Marshal --
Martin Luther on gender and sexual diversities / Rohan Gideon --
A critical evaluation of John Calvin's teachings on human sexuality / Lalnghakthuami --
Orthodoxy and sexuality : reflections on the doctrine of God and anthropology / Geevarghese Mor Coorilos --
Unit-2 Church and sexual morality : a critical evaluation. --
Victorian morality and colonization of the body in missionary discourse / Gladson Jathanna --
Church and sexual morality Aruna Gnanadason --
The Church, sexuality and phobia / Philip Kuruvilla --
Critical analysis of churches stand on human sexuality and a way forward / Manoj Kurian --
Unit-3 Legal perspectives on human sexuality and sexual morality. Critical evaluation of religious, juridical, and human rights perspectives on human sexuality and morality / Pawan Dhall. --
Mapping queer margins : a sampling of the situation around LGBTQI rights in different corners of the world / Debjyoti Ghosh --
A critical analysis of section 377 of lndian Penal Code / Gowthaman Ranganathan --
Legal perspectives with reference to transgenders / Sandhya Raju --
Unit-4. Towards a liberative theology of human sexuality. --
Born again : the untold story of Selin / Santosh Koshy Joy --
An LGBTI Q-Inclusive Christian anthropology and public theology / Jacob Mathew --
Towards an afftrming sexual ethics and spirituality / Lai-shan YIP --
Masculinity and justice / Philip Vinod Peacock --
Queer identities and the Bible / L. Jayachitra --
Unit-5. Towards a liberative Christian sexual ethics. Rethinking body and gender, sexuality and sexual differences / Ronald Lalthanmawia --
Queer ethics / Arvind Theodore --
Just love : constructing a new framework of Christian sexual ethics / MiakSiew --
Marriage and family : the traditional view / Phanenmo Kath --
A response to Kath's traditional view on marriage and family / Miak Siew --
Unit-6. Towards a responsible and life-giving ministry in the context of sexual and gender diversities. A biblical response to homophobia : Genesis 19:1-11 / Rosy Zoramthangi Ralte --
Towards a responsible and life-giving ministry with and among sexual and gender minorities / Pauline Ong --
Church, homophobia and heterosexuality / Wati Longchar --
Advocacy work with LGBTIQ communities / Anshi Zachariah--
Gay rights : bridging science, society, religion and the church / K. S. Jacob.</subfield>
  </datafield>
  <datafield tag="650" ind1=" " ind2=" ">
    <subfield code="a">Sex -- Religious aspects -- Christianity. </subfield>
    <subfield code="9">9934</subfield>
  </datafield>
  <datafield tag="650" ind1=" " ind2=" ">
    <subfield code="a">Sexual ethics. </subfield>
    <subfield code="9">3910</subfield>
  </datafield>
  <datafield tag="650" ind1=" " ind2=" ">
    <subfield code="a">Liberation theology.</subfield>
    <subfield code="9">1640</subfield>
  </datafield>
  <datafield tag="942" ind1=" " ind2=" ">
    <subfield code="2">ddc</subfield>
    <subfield code="c">BK</subfield>
    <subfield code="0">13</subfield>
  </datafield>
  <datafield tag="952" ind1=" " ind2=" ">
    <subfield code="0">0</subfield>
    <subfield code="1">0</subfield>
    <subfield code="2">ddc</subfield>
    <subfield code="4">0</subfield>
    <subfield code="7">0</subfield>
    <subfield code="a">GBC</subfield>
    <subfield code="b">GBC</subfield>
    <subfield code="c">TH</subfield>
    <subfield code="d">2018-09-24</subfield>
    <subfield code="e">10</subfield>
    <subfield code="g">337.50</subfield>
    <subfield code="l">6</subfield>
    <subfield code="o">241.664 THE</subfield>
    <subfield code="p">014816</subfield>
    <subfield code="r">2025-05-01 00:00:00</subfield>
    <subfield code="s">2024-07-15</subfield>
    <subfield code="t">c.1</subfield>
    <subfield code="v">450.00</subfield>
    <subfield code="w">2018-09-24</subfield>
    <subfield code="y">BK</subfield>
  </datafield>
  <datafield tag="952" ind1=" " ind2=" ">
    <subfield code="0">0</subfield>
    <subfield code="1">0</subfield>
    <subfield code="2">ddc</subfield>
    <subfield code="4">0</subfield>
    <subfield code="7">0</subfield>
    <subfield code="a">GBC</subfield>
    <subfield code="b">GBC</subfield>
    <subfield code="c">TH</subfield>
    <subfield code="d">2018-09-24</subfield>
    <subfield code="e">10</subfield>
    <subfield code="g">337.50</subfield>
    <subfield code="l">10</subfield>
    <subfield code="m">3</subfield>
    <subfield code="o">241.664 THE</subfield>
    <subfield code="p">014817</subfield>
    <subfield code="r">2025-07-15 15:35:29</subfield>
    <subfield code="s">2025-07-11</subfield>
    <subfield code="t">c.2</subfield>
    <subfield code="v">450.00</subfield>
    <subfield code="w">2018-09-24</subfield>
    <subfield code="y">BK</subfield>
  </datafield>
</record>
